000 00638nam a2200229Ia 4500
003 OSt
005 20230428123513.0
008 210423s2004 xx 000 0 und d
020 _a9788170148975
040 _cAL
041 _aeng
082 _a658.1511
_223
_bMAHP
100 _aMAHESHWARI (S N);MAHESHWARI (Sharad K)
_994859
245 _aPrinciples of management accounting
260 _aNew Delhi
_bSultan Chand & Sons
_c2004
300 _axiii,377
_bPB
365 _b140
_cINR
650 _aManagement
_994860
650 _aManagement Accounting
_994861
906 _aaccounting ; management ; Principles
942 _2ddc
_cBK
999 _c161318
_d161318